000 00423nam a22001697a 4500
003 MACL
005 20160102151438.0
008 160102b xxu||||| |||| 00| 0 eng d
040 _cMACL
041 _aEnglish
082 _a390/DYE
100 _aDyer,T.F.Thiselton
_927248
245 _aBritish Popular Customs Present and Past
260 _aLondon
_bG.Bell and Sons
_c1911
650 _aCustoms
_94260
942 _2ddc
_cBK
999 _c52041
_d52041